Vývoj metód pre hodnotenie stavu a prevádzkovej spoľahlivosti energetických strojov a zariadení
Enregistré dans:
| Auteur principal: | |
|---|---|
| Format: | Livre |
| Langue: | slovaque |
| Publié: |
Bratislava :
Nakladateľstvo STU,
2013
|
| Édition: | 1. vyd. |
| Sujets: | |
| Tags: |
Pas de tags, Soyez le premier à ajouter un tag!
|
MARC
| LEADER | 00000nam a22000003a 4500 | ||
|---|---|---|---|
| 001 | stu280445 | ||
| 005 | 20150617230305.2 | ||
| 008 | 131217s--------xo------------------slo-d | ||
| 020 | |a 978-80-227-4079-1 | ||
| 040 | |a STU |b slo | ||
| 041 | 0 | |a slo | |
| 044 | |a xo | ||
| 100 | 1 | |a Peťková, Viera, |d 1960- |4 aut |X 45409 |7 A000045409 | |
| 245 | 1 | |a Vývoj metód pre hodnotenie stavu a prevádzkovej spoľahlivosti energetických strojov a zariadení | |
| 250 | |a 1. vyd. | ||
| 260 | |a Bratislava : |b Nakladateľstvo STU, |c 2013 | ||
| 300 | |a 37 str., 16 obr., 2 tab | ||
| 650 | 7 | |a energetika |2 stusub | |
| 996 | |b 284J041779 |c J*116552 |l JJST |s P |a 0 |w stu280445_0001 | ||